000 00939nas a2200253Ia 4500
001 R020/B2863
003 IT-RoPAU
008 151124c99999999xx |||||||||||| ||und||
040 _aIT-RoPAU
040 _cIT-RoPAU
041 _aINGLESE
100 _aCherchi Usai Paolo
_gCodice Aut. SPICS: 7030
210 _aGRIFFITHIANA
222 _aGriffithiana
245 _aGRIFFITHIANA, ANNO 15-N.44/45 (MAGGIO/SETTEMBRE 1992)
_bSociete' Francaise Des Films Et Cinematographes Eclair (1907-1919): A Checklist
250 _a1a ed.
260 _aGEMONA (UDINE)
_bCINETECA DEL FRIULI
_c1992
501 _bPaulus - SPICS - Società San Paolo EM (non-commercial uses only)
_cCopyright2015
300 _a61 p. [28-88]
362 _aANNO 015, N.44/45 (MAGGIO/SETTEMBRE 1992)
500 _aI Film della Societe' Francaise Des Films Et Cinematographes Eclair (1907-1919) Filmografia
650 _aCINEMA
_vPUBBLICAZIONE PERIODICA
942 _cCR
999 _c135990
_d135990